| 000 | 00901cam a22002893a 4500 | ||
|---|---|---|---|
| 001 | 26073 | ||
| 003 | PGUSA | ||
| 005 | 20140828083548.0 | ||
| 008 | 080716s2008||||xxu|||||s|||||000 p eng d | ||
| 040 |
_aPGUSA _beng |
||
| 042 | _adc | ||
| 050 | 4 | _aPA | |
| 100 | 1 |
_aOvid, _d-43-17 |
|
| 245 | 1 | 4 |
_aThe Metamorphoses of Ovid, Books VIII-XV _h[electronic resource] / _cOvid |
| 260 |
_bProject Gutenberg, _c2008 |
||
| 506 | _aPublic domain in the USA. | ||
| 516 | _aElectronic text | ||
| 653 | _aMythology, Classical -- Poetry | ||
| 653 | _aClassical literature | ||
| 653 | _aMetamorphosis -- Mythology -- Poetry | ||
| 653 | _aLatin poetry -- Translations into English | ||
| 653 | _aFables, Latin -- Translations into English | ||
| 700 | 1 |
_aRiley, Henry T. _q(Henry Thomas), _d1816-1878 |
|
| 830 | 0 |
_aProject Gutenberg _v26073 |
|
| 856 | 4 | 0 | _uhttp://www.gutenberg.org/ebooks/26073 |
| 942 | _cEB | ||
| 999 |
_c255328 _d255328 |
||